000 00349pam a2200157a 44500
008 230515b2016 xxu||||| |||| 00| 0 eng d
020 _aNULL
041 _aENG
082 _a611
100 _aCHOURASIA B.D.
245 _aANATOMY
250 _a-
260 _aNULL
_bCBS PUBLISHER AND DISTRIBUTORS
_c2016
300 _a370
650 _aANATOMY
999 _c555969
_d555969